The Energy Efficiency of the National Economy Assessment in Terms of Investment in Green Energy

Alternatívne zdroje energie a rozvoj uhlíkovo neutrálneho hospodárstva. Krajiny Európskej únie sa dohodli na akčnom pláne pre energetickú efektívnosť na obdobie rokov 2007-2020, čo je plán 20-20-20 - znižovanie emisií CO2 o 20 %, zlepšenie energetickej efektívnosti o 20 % a zvýšenie podielu obnovite...

Descrizione completa

Salvato in:
Dettagli Bibliografici
Autore principale: Astanakulov, Olim
Altri autori: Asatullaev, Khurshid, Saidaxmedova, Nodira, Batirova, Nilufar
Natura: Capitolo di libro
Lingua:inglese
Soggetti:
Tags: Aggiungi Tag
Nessun Tag, puoi essere il primo ad aggiungerne!!

MARC

LEADER 00000naa a2200000 4500
001 0283711
005 20240222133008.6
041 0 |a eng 
044 |a UA 
245 1 0 |a The Energy Efficiency of the National Economy Assessment in Terms of Investment in Green Energy  |c Olim Astanakulov, Khurshid Asatullaev, Nodira Saidaxmedova, Nilufar Batirova 
520 |a Alternatívne zdroje energie a rozvoj uhlíkovo neutrálneho hospodárstva. Krajiny Európskej únie sa dohodli na akčnom pláne pre energetickú efektívnosť na obdobie rokov 2007-2020, čo je plán 20-20-20 - znižovanie emisií CO2 o 20 %, zlepšenie energetickej efektívnosti o 20 % a zvýšenie podielu obnoviteľných zdrojov v energeckom sektore o 20 %. Determinanty vplyvu zelenej energie na ekonomiku krajiny. Integrovaný investičný nástroj pre energetickú efektívnosť ekonomiky. Snaha o vyvinutie teoretických a metodologických nástrojov na hodnotenie úrovne energetickej efektívnosti národného hospodárstva a jeho hlavných determinantov. 
610 2 0 |a efektívnosť energetická 
610 2 0 |a hospodárstvo národné 
610 2 0 |a zdroje energie obnoviteľné 
610 2 0 |a zdroje energie prírodné 
610 2 0 |a investície 
100 1 |a Astanakulov, Olim 
700 1 |a Asatullaev, Khurshid 
700 1 |a Saidaxmedova, Nodira 
700 1 |a Batirova, Nilufar